Летопись Серафимо-Дивеевского монастыря Нижегородской губернии Ардатовского уезда с жизнеописанием основателей ее: преподобного Серафима и схимонахини Александры, урожденной А.С. Мельгуновой (Запись № 4775322)
[ простой вид ]
| 000 -МАРКЕР | |
|---|---|
| контрольное поле | 02685nam0a2200373 i 4500 |
| 001 - ИДЕНТИФИКАТОР ЗАПИСИ | |
| контрольное поле | RU\NLR\bibl\2082198 |
| 005 - ИДЕНТИФИКАТОР ВЕРСИИ | |
| контрольное поле | 20260407125756.0 |
| 010 ## - МЕЖДУНАРОДНЫЙ СТАНДАРТНЫЙ НОМЕР КНИГИ (ISBN) | |
| Номер (ISBN) | 5983170961 |
| Тираж | 5000 |
| 021 ## - НОМЕР ГОСУДАРСТВЕННОЙ РЕГИСТРАЦИИ | |
| Код страны | Российская Федерация |
| Номер | 2013-72526 |
| Номер Листа государственной регистраци | 4968 |
| 035 ## - ДРУГИЕ СИСТЕМНЫЕ НОМЕРА | |
| Идентификатор записи | (NLR Aleph) 002073008 |
| 100 ## - ДАННЫЕ ОБЩЕЙ ОБРАБОТКИ | |
| Данные общей обработки | 20131015d2013 u y0rusy50 ca |
| 101 0# - ЯЗЫК РЕСУРСА | |
| Язык текста, звукозаписи и т.д. | русский |
| 102 ## - СТРАНА ПУБЛИКАЦИИ ИЛИ ПРОИЗВОДСТВА | |
| Страна публикации | Российская Федерация |
| 105 ## - ПОЛЕ КОДИРОВАННЫХ ДАННЫХ: ТЕКСТОВЫЕ МАТЕРИАЛЫ, МОНОГРАФИЧЕСКИЕ | |
| Кодированные данные о монографическом текстовом документе | a ||||||||| |
| 200 1# - ЗАГЛАВИЕ И СВЕДЕНИЯ ОБ ОТВЕТСТВЕННОСТИ | |
| Основное заглавие | Летопись Серафимо-Дивеевского монастыря Нижегородской губернии Ардатовского уезда с жизнеописанием основателей ее: преподобного Серафима и схимонахини Александры, урожденной А.С. Мельгуновой |
| Первые сведения об ответственности | сост. архим. Серафим (Чичагов) |
| 210 ## - ПУБЛИКАЦИЯ, РАСПРОСТРАНЕНИЕ И ДР. | |
| Место издания, распространения и т.д. | Москва |
| Имя издателя, распространителя и т. д. | Свято-Троицкий Серафимо-Дивеевский монастырь |
| -- | Ковчег |
| Дата издания, распространения и т.д. | 2013 |
| 215 ## - ФИЗИЧЕСКАЯ ХАРАКТЕРИСТИКА | |
| Специфическое обозначение материала и объем | 894, [1] с., [17] л. ил., портр. |
| Размеры | 22 |
| 320 ## - ПРИМЕЧАНИЯ О НАЛИЧИИ В ДОКУМЕНТЕ БИБЛИОГРАФИИ / УКАЗАТЕЛЯ | |
| Текст примечания | Библиогр. в тексте предисл. |
| 327 1# - ПРИМЕЧАНИЯ О СОДЕРЖАНИИ | |
| Текст примечания | В кн. также: Молитва преподобному Серафиму Саровскому чудотворцу |
| 464 #0 - АНАЛИТИЧЕСКИЙ УРОВЕНЬ | |
| Встроенное поле | 2001#$aМолитва преподобному Серафиму Саровскому чудотворцу |
| -- | 702#0$3RU\NLR\auth\774071$aСерафим Саровский$cМошнин, Прохор Сидорович$cиеромонах$f1759-1833$4570 |
| Заглавие | Молитва преподобному Серафиму Саровскому чудотворцу |
| 601 02 - НАИМЕНОВАНИЕ ОРГАНИЗАЦИИ КАК ПРЕДМЕТ | |
| Начальный элемент ввода | Троицкий Серафимо-Дивеевский женский монастырь |
| Идентифицирующий признак | Нижегородская область |
| Системный номер авторитетной/нормативной записи | 1597032 |
| Идентификатор авторитетной/нормативной записи | RU\NLR\AUTH\661001000 |
| 686 2# - ИНДЕКСЫ ДРУГИХ КЛАССИФИКАЦИЙ | |
| Индекс | Э372.24-647.2 |
| 702 #0 - ИМЯ ЛИЦА - ВТОРИЧНАЯ ОТВЕТСТВЕННОСТЬ | |
| Код отношения | Прочие |
| Материалы, к которым относится поле | rus |
| Графика поля | Кириллица |
| Начальный элемент ввода | Александра |
| Дополнения к именам, кроме дат | Мельгунова, Агафия Семеновна |
| -- | схимонахиня |
| Даты | -1789 |
| Идентификатор авторитетной/нормативной записи | RU\NLR\AUTH\7711207 |
| Системный номер авторитетной/нормативной записи | 120961 |
| 702 #0 - ИМЯ ЛИЦА - ВТОРИЧНАЯ ОТВЕТСТВЕННОСТЬ | |
| Код отношения | Прочие |
| Материалы, к которым относится поле | rus |
| Графика поля | Кириллица |
| Начальный элемент ввода | Серафим Саровский |
| Дополнения к именам, кроме дат | Мошнин, Прохор Сидорович |
| -- | иеромонах |
| Даты | 1759-1833 |
| Идентификатор авторитетной/нормативной записи | RU\NLR\AUTH\774071 |
| Системный номер авторитетной/нормативной записи | 114058 |
| 702 #0 - ИМЯ ЛИЦА - ВТОРИЧНАЯ ОТВЕТСТВЕННОСТЬ | |
| Код отношения | Автор |
| Материалы, к которым относится поле | rus |
| Графика поля | Кириллица |
| Начальный элемент ввода | Серафим |
| Дополнения к именам, кроме дат | Чичагов, Леонид Михайлович |
| -- | митрополит Ленинградский и Новгородский |
| Даты | 1856-1937 |
| Идентификатор авторитетной/нормативной записи | RU\NLR\AUTH\7715497 |
| Системный номер авторитетной/нормативной записи | 125146 |
| 711 02 - НАИМЕНОВАНИЕ ОРГАНИЗАЦИИ - АЛЬТЕРНАТИВНАЯ ОТВЕТСТВЕННОСТЬ | |
| Начальный элемент ввода | Троицкий Серафимо-Дивеевский женский монастырь |
| Идентифицирующий признак | Нижегородская обл. |
| Идентификатор авторитетной/нормативной записи | RU\NLR\AUTH\889971954 |
| Системный номер авторитетной/нормативной записи | 440422 |
| 801 #0 - ИСТОЧНИК ЗАПИСИ | |
| Страна | Российская Федерация |
| Организация | NLR |
| Дата составления | 20131015 |
| Правила каталогизации | RCR |
| 801 #1 - ИСТОЧНИК ЗАПИСИ | |
| Страна | Российская Федерация |
| Организация | NLR |
| Дата составления | 20131015 |
| 942 ## - ДОПОЛНИТЕЛЬНЫЕ ЭЛЕМЕНТЫ ЗАПИСИ (АБИС) | |
| Тип экземпляра АБИС | Книга |
| 980 ## - КОЛЛЕКЦИЯ | |
| Название коллекции | НБР |
Нет доступных экземпляров.